[Event "Oslo Chess International - Håvard Vederhus' memorial"]
[Site "Ullevaal Stadion"]
[Date "2013.09.29"]
[Round "3"]
[White "Donchenko, Irina"]
[Black "Opasiak, Dustin Tennessee"]
[Result "1/2-1/2"]
[WhiteElo "2083"]
[BlackElo "1780"]
[PlyCount "43"]
[EventDate "2013.??.??"]

1. d4 c5 2. d5 e5 3. dxe6 fxe6 4. e4 Nc6 5. Nc3 d6 6. Nf3 Be7 7. Bc4 a6 8. a4
Bf6 9. O-O Nge7 10. Be3 O-O 11. Ng5 Bxg5 12. Bxg5 Ne5 13. Ba2 Qc7 14. f4 Nf7
15. Bxe7 Qxe7 16. f5 Ne5 17. Qe2 Bd7 18. fxe6 Bxe6 19. Bxe6+ Qxe6 20. Rxf8+
Rxf8 21. Rf1 Rxf1+ 22. Qxf1
1/2-1/2

[Event "Oslo Chess International - Håvard Vederhus' memorial"]
[Site "Ullevaal Stadion"]
[Date "2013.09.29"]
[Round "3"]
[White "Kjølberg, Jens Hjorth"]
[Black "Duijker, Bert"]
[Result "1-0"]
[WhiteElo "2031"]
[BlackElo "1898"]
[PlyCount "67"]
[EventDate "2013.??.??"]

1. e4 g6 2. d4 Bg7 3. Nf3 d6 4. Be2 a6 5. c4 Bg4 6. Nc3 Nc6 7. Be3 e5 8. d5
Bxf3 9. Bxf3 Nd4 10. O-O Ne7 11. Bxd4 exd4 12. Ne2 c5 13. Nc1 O-O 14. Nd3 Qc7
15. Rc1 a5 16. Bg4 f5 17. exf5 gxf5 18. Bh3 Ng6 19. Qh5 Qf7 20. f4 Ne7 21.
Qxf7+ Rxf7 22. a4 h5 23. Rfe1 Raf8 24. Re6 Nc8 25. Rce1 Nb6 26. b3 Nc8 27. g3
Kh7 28. Kf2 Kg8 29. R1e2 Kh7 30. Ke1 Kg8 31. Kd2 Kh7 32. Ne1 h4 33. Nf3 Rf6 34.
Nxh4
1-0

[Event "Oslo Chess International - Håvard Vederhus' memorial"]
[Site "Ullevaal Stadion"]
[Date "2013.09.29"]
[Round "3"]
[White "Jørgensen, Line Jin"]
[Black "Egeland, Finn"]
[Result "1-0"]
[WhiteElo "1892"]
[BlackElo "1962"]
[PlyCount "159"]
[EventDate "2013.??.??"]

1. d4 d5 2. c4 e6 3. Nc3 Nf6 4. Bg5 Be7 5. e3 O-O 6. Nf3 Nbd7 7. Bd3 b6 8. O-O
Bb7 9. cxd5 exd5 10. Rc1 c5 11. Bb1 Re8 12. Re1 a6 13. dxc5 bxc5 14. h3 Qb6 15.
Qc2 Qe6 16. Bf4 g6 17. Na4 Rac8 18. Qb3 Ba8 19. Qc3 Bf8 20. Qa5 Nh5 21. Bh2 Qf6
22. b3 d4 23. e4 Rc6 24. Qd2 h6 25. e5 Qd8 26. Be4 Rce6 27. Bxa8 Qxa8 28. b4
cxb4 29. Nxd4 Qd5 30. Qd1 R6e7 31. Nc6 Qxa2 32. Nxb4 Qa3 33. Nd5 Rxe5 34. Bxe5
Rxe5 35. Rxe5 Nxe5 36. Rc8 Kh7 37. Nac3 Bg7 38. Ne4 Nd3 39. Nec3 Ne5 40. Rb8 a5
41. Ne2 Qc5 42. Ne3 Nf6 43. Qa4 Qd6 44. Ra8 Qd3 45. Qd1 Qb5 46. Nd4 Qb6 47. Qa4
Qb1+ 48. Nf1 Ne4 49. Qc2 Qe1 50. Qe2 Qxe2 51. Nxe2 Nc4 52. Ra7 Kg8 53. Ne3 Nxe3
54. fxe3 Nc3 55. Ra8+ Kh7 56. Nd4 a4 57. Kf1 Be5 58. Ke1 Bd6 59. Nc2 Bg3+ 60.
Kd2 Ne4+ 61. Kd3 f5 62. Ra7+ Kg8 63. Kd4 Bd6 64. Rxa4 Kf7 65. Ra6 Be7 66. Kd5
Nf6+ 67. Kc4 Ne4 68. Nd4 Nd6+ 69. Kd5 Ne4 70. Nc6 Bc5 71. Ne5+ Ke8 72. Re6+ Kf8
73. Nxg6+ Kg7 74. Rxe4 fxe4 75. Kxc5 Kxg6 76. Kd4 Kf5 77. g4+ Kg5 78. Kxe4 Kh4
79. Kf5 Kxh3 80. e4
1-0

[Event "Oslo Chess International - Håvard Vederhus' memorial"]
[Site "Ullevaal Stadion"]
[Date "2013.09.29"]
[Round "3"]
[White "Harstad, Christian"]
[Black "Moseng, Geir"]
[Result "1-0"]
[WhiteElo "1917"]
[BlackElo "2052"]
[PlyCount "158"]
[EventDate "2013.??.??"]

1. d4 d5 2. c4 Nc6 3. cxd5 Qxd5 4. e3 e5 5. Nc3 Bb4 6. Bd2 Bxc3 7. bxc3 Nf6 8.
c4 Qd6 9. d5 Ne7 10. f3 e4 11. Ne2 c5 12. Nc3 Qe5 13. f4 Qf5 14. Be2 O-O 15.
O-O Qg6 16. Kh1 Nf5 17. g4 Nd6 18. Rg1 Bd7 19. g5 Nfe8 20. Bh5 Qf5 21. Bg4 Qg6
22. Bxd7 Nxc4 23. Qc2 Nb6 24. Bg4 Rd8 25. Rad1 Nxd5 26. Nxd5 Rxd5 27. Qc4 Nc7
28. Ba5 Rxd1 29. Rxd1 b6 30. Bc3 h6 31. Be5 Ne8 32. h4 hxg5 33. fxg5 Nf6 34.
Bxf6 gxf6 35. Qd5 fxg5 36. Qxg5 Qxg5 37. hxg5 Re8 38. Rd7 Re5 39. Rxa7 Rxg5 40.
Be2 Kf8 41. Kh2 Ke8 42. Bb5+ Kf8 43. Rb7 Rg6 44. Bc4 Rf6 45. Bd5 Rf2+ 46. Kg3
Rf3+ 47. Kg4 Rxe3 48. Rxf7+ Ke8 49. Rb7 Rd3 50. Bxe4 Rd4 51. Kf3 Rb4 52. Bc6+
Kd8 53. a4 Kc8 54. Rf7 Rd4 55. Rf4 Rd6 56. Bb5 Kc7 57. Ke4 Re6+ 58. Kd5 Rd6+
59. Ke5 Rd2 60. Rf7+ Kc8 61. Rf6 Kb7 62. Rd6 Rh2 63. Rf6 Rh4 64. Rf7+ Kb8 65.
Kd6 Rh6+ 66. Kd7 Kb7 67. Re7 Rg6 68. Re6 Rg7+ 69. Kd6 Rg4 70. Re7+ Kb8 71. Re8+
Ka7 72. Bc6 Rg6+ 73. Kd5 Rg5+ 74. Ke4 b5 75. axb5 Rg4+ 76. Kd5 Rg5+ 77. Kc4 Rg6
78. Kxc5 Rg5+ 79. Bd5 Rg6
1-0

[Event "Oslo Chess International - Håvard Vederhus' memorial"]
[Site "Ullevaal Stadion"]
[Date "2013.09.29"]
[Round "3"]
[White "Lien, Kjell Håkon"]
[Black "Grønn, Eskil Ekeland"]
[Result "0-1"]
[WhiteElo "1939"]
[BlackElo "1866"]
[PlyCount "50"]
[EventDate "2013.??.??"]

1. d4 Nf6 2. c4 c5 3. d5 e6 4. Nc3 exd5 5. cxd5 d6 6. Nf3 g6 7. Bf4 Bg7 8. Qa4+
Bd7 9. Qb3 b5 10. Bxd6 Qb6 11. Bg3 c4 12. Qc2 O-O 13. a3 b4 14. axb4 Qxb4 15.
Nd2 Bf5 16. Ra4 Qe7 17. Qc1 Qd7 18. Rxc4 Nxd5 19. Nxd5 Qxd5 20. e4 Re8 21. Be2
Bxe4 22. Nxe4 Rxe4 23. Rc8+ Bf8 24. O-O Rxe2 25. Qh6 Nd7
0-1

[Event "Oslo Chess International - Håvard Vederhus' memorial"]
[Site "Ullevaal Stadion"]
[Date "2013.09.29"]
[Round "3"]
[White "Sødtholt, Dag"]
[Black "Lindblom, Roar"]
[Result "0-1"]
[WhiteElo "1994"]
[BlackElo "1877"]
[PlyCount "58"]
[EventDate "2013.??.??"]

1. c4 Nf6 2. g3 e6 3. Nf3 d5 4. b3 a5 5. Nc3 d4 6. Nb5 Bc5 7. Bb2 Nc6 8. e3 e5
9. Bg2 O-O 10. O-O Re8 11. a3 Bg4 12. h3 Bh5 13. g4 Bg6 14. Re1 d3 15. b4 axb4
16. axb4 Rxa1 17. Qxa1 Nxb4 18. Qa4 c6 19. Nc3 Nc2 20. Rb1 Nd7 21. Ne1 Nxe1 22.
Rxe1 e4 23. Qb3 Qc7 24. Ra1 f5 25. Na4 fxg4 26. Nxc5 Nxc5 27. Qc3 gxh3 28. Bxh3
Qf7 29. Qd4 Nb3
0-1

[Event "Oslo Chess International - Håvard Vederhus' memorial"]
[Site "Ullevaal Stadion"]
[Date "2013.09.29"]
[Round "3"]
[White "Kverndal, Leif"]
[Black "Dulman, Egmond-Gabriel"]
[Result "0-1"]
[WhiteElo "1851"]
[BlackElo "2077"]
[PlyCount "60"]
[EventDate "2013.??.??"]

1. d4 Nf6 2. Nf3 g6 3. g3 Bg7 4. c4 d5 5. Bg2 O-O 6. cxd5 Nxd5 7. e4 Nb6 8. h3
c5 9. d5 e6 10. Nc3 exd5 11. Nxd5 Re8 12. O-O Rxe4 13. Nc3 Re8 14. Be3 Nc4 15.
Qxd8 Rxd8 16. Bxc5 Nxb2 17. Nb5 Nc6 18. Nc7 Rb8 19. Ng5 Nd3 20. Ba3 Bxa1 21.
Rxa1 h6 22. Ne4 f5 23. Nd6 Ncb4 24. Bxb4 Nxb4 25. Rd1 b5 26. a3 Rb6 27. Ncxb5
Rxb5 28. axb4 Rxb4 29. Bd5+ Kf8 30. Nf7 Rxd5
0-1

[Event "Oslo Chess International - Håvard Vederhus' memorial"]
[Site "Ullevaal Stadion"]
[Date "2013.09.29"]
[Round "3"]
[White "Ali, Karim"]
[Black "Enersen, Eirik S"]
[Result "1-0"]
[WhiteElo "1816"]
[BlackElo "1009"]
[PlyCount "47"]
[EventDate "2013.??.??"]

1. e4 e6 2. d4 d5 3. Nc3 Bb4 4. e5 c5 5. f4 Qb6 6. Be3 cxd4 7. Bxd4 Bxc3+ 8.
Bxc3 Nc6 9. Nf3 Qe3+ 10. Be2 Qxf4 11. O-O Qe3+ 12. Kh1 Qb6 13. Ng5 Nh6 14. Bh5
g6 15. Qf3 O-O 16. Rae1 d4 17. Bd2 Qxb2 18. Nxh7 Kxh7 19. Bxg6+ Kxg6 20. Qf6+
Kh7 21. Qxh6+ Kg8 22. Qg5+ Kh7 23. Rf3 Nxe5 24. Rh3#
1-0

[Event "Oslo Chess International - Håvard Vederhus' memorial"]
[Site "Ullevaal Stadion"]
[Date "2013.09.29"]
[Round "3"]
[White "Grønn, Embla Eikeland"]
[Black "Wibe, Per H."]
[Result "0-1"]
[WhiteElo "847"]
[BlackElo "1823"]
[PlyCount "78"]
[EventDate "2013.??.??"]

1. d4 f5 2. Nc3 Nf6 3. Qd3 g6 4. Bg5 Bg7 5. f3 O-O 6. e4 d6 7. O-O-O fxe4 8.
fxe4 Ng4 9. Nh3 Nc6 10. Be2 Nxd4 11. Bxg4 Bxg4 12. Qc4+ Be6 13. Nd5 Bxd5 14.
Qxd5+ e6 15. Bxd8 exd5 16. Bxc7 Rfc8 17. Bxd6 Rxc2+ 18. Kb1 Rxg2 19. Nf4 Rf2
20. exd5 Nb5 21. Nd3 Rf5 22. Nb4 Nxd6 23. Rhe1 Re8 24. Rxe8+ Nxe8 25. d6 Nxd6
26. Rxd6 Rf1+ 27. Kc2 Rf2+ 28. Rd2 Rxd2+ 29. Kxd2 Bxb2 30. Ke3 Kf7 31. Ke4 Ba3
32. Nd3 a5 33. Kd5 g5 34. Kc4 h5 35. Nf2 Kf6 36. Kd4 Kf5 37. Ke3 Bc5+ 38. Kf3
Bxf2 39. Kxf2 b5
0-1

[Event "Oslo Chess International - Håvard Vederhus' memorial"]
[Site "Ullevaal Stadion"]
[Date "2013.09.29"]
[Round "3"]
[White "Palsson, Halldor"]
[Black "Tangelder, Yonne"]
[Result "0-1"]
[WhiteElo "2051"]
[BlackElo "1804"]
[PlyCount "79"]
[EventDate "2013.??.??"]

1. e4 e5 2. Nf3 Nc6 3. Nc3 Nf6 4. d3 Bb4 5. a3 Ba5 6. b4 Bb6 7. Nd5 Nxd5 8.
exd5 Nd4 9. Bb2 Nxf3+ 10. Qxf3 d6 11. g3 O-O 12. Bg2 f5 13. O-O Qg5 14. h3 Bd7
15. c4 Rae8 16. d4 Bxd4 17. Bxd4 exd4 18. Rad1 Qf6 19. Qf4 Re2 20. Qxd4 Qxd4
21. Rxd4 Ra2 22. Rd3 Rc2 23. Rd4 Rc3 24. Ra1 Re8 25. Bf1 Ba4 26. c5 dxc5 27.
bxc5 Re4 28. Rb4 Rxc5 29. Rxb7 a5 30. Rb8+ Kf7 31. Rd8 Rd4 32. Re1 Kf6 33. Re6+
Kf7 34. Re1 Rd2 35. Re5 Rcc2 36. Rxf5+ Ke7 37. Rdf8 Be8 38. Bg2 Ra2 39. Rg8 g6
40. Rg7+
0-1

[Event "Oslo Chess International - Håvard Vederhus' memorial"]
[Site "Ullevaal Stadion"]
[Date "2013.09.29"]
[Round "3"]
[White "Olsen, Ulrik"]
[Black "Khachatourian, Yerazik"]
[Result "1/2-1/2"]
[WhiteElo "1731"]
[BlackElo "1972"]
[PlyCount "85"]
[EventDate "2013.??.??"]

1. e4 e5 2. Nf3 Nf6 3. Nxe5 d6 4. Nf3 Nxe4 5. Nc3 Nxc3 6. dxc3 Be7 7. Bf4 Nc6
8. Qd2 Be6 9. Bd3 a5 10. O-O O-O 11. Nd4 Nxd4 12. cxd4 d5 13. Rfe1 Bf6 14. c3
Qd7 15. Be5 Bxe5 16. Rxe5 f6 17. Re3 Rae8 18. Rae1 g6 19. Qc2 Bf7 20. Rxe8 Rxe8
21. Rxe8+ Qxe8 22. Qe2 Qxe2 23. Bxe2 Kf8 24. f3 Ke7 25. Kf2 Kd6 26. Ke3 b6 27.
g4 h6 28. f4 Be6 29. h3 c5 30. Bd3 g5 31. f5 Bd7 32. Kd2 c4 33. Bc2 b5 34. a3
Kc7 35. Bd1 Kb6 36. Bf3 Bc6 37. Bd1 Ka6 38. Bc2 Be8 39. Bd1 Kb6 40. Bc2 h5 41.
Bd1 h4 42. Bc2 Bd7 43. Bd1
1/2-1/2

[Event "Oslo Chess International - Håvard Vederhus' memorial"]
[Site "Ullevaal Stadion"]
[Date "2013.09.29"]
[Round "3"]
[White "Mørkedal, Øyvind"]
[Black "Andersen, Dag"]
[Result "0-1"]
[WhiteElo "1649"]
[BlackElo "1852"]
[PlyCount "70"]
[EventDate "2013.??.??"]

1. e4 e5 2. Nf3 Nc6 3. Bb5 a6 4. Ba4 Nf6 5. O-O b5 6. Bb3 Bc5 7. c3 d6 8. d4
Bb6 9. dxe5 dxe5 10. Qxd8+ Nxd8 11. Nxe5 Bb7 12. Nd2 O-O 13. Ndf3 Bxe4 14. Bg5
Bf5 15. Rad1 c5 16. Bxf6 gxf6 17. Nd7 Bxd7 18. Rxd7 c4 19. Bc2 Ne6 20. Rfd1
Rad8 21. R7d6 Rb8 22. Nh4 a5 23. Nf5 Bc7 24. Rd7 Be5 25. Ne7+ Kg7 26. Nc6 Rb6
27. Nxe5 fxe5 28. Re1 b4 29. cxb4 Rxb4 30. Rxe5 Rxb2 31. Bd1 Nf4 32. Rxa5 Nd3
33. Be2 Re8 34. Bf1 Re1 35. Raa7 Rxf2
0-1

[Event "Oslo Chess International - Håvard Vederhus' memorial"]
[Site "Ullevaal Stadion"]
[Date "2013.09.29"]
[Round "3"]
[White "Nilsen, Martin"]
[Black "Machlik, Endre"]
[Result "1-0"]
[WhiteElo "1904"]
[BlackElo "1692"]
[PlyCount "35"]
[EventDate "2013.??.??"]

1. e4 c6 2. d4 d5 3. e5 Bf5 4. Nf3 e6 5. Be2 c5 6. c4 dxc4 7. O-O Nc6 8. Bxc4
cxd4 9. Qb3 Qc7 10. Bb5 Rd8 11. Na3 Bc5 12. Bg5 Nge7 13. Rac1 Bxa3 14. Qxa3 Rd5
15. Bxe7 Qxe7 16. Rxc6 Qxa3 17. Rc8+ Ke7 18. Rxh8
1-0

[Event "Oslo Chess International - Håvard Vederhus' memorial"]
[Site "Ullevaal Stadion"]
[Date "2013.09.29"]
[Round "3"]
[White "Hølleland, Sigve"]
[Black "Kalkman - De Koster, Franzke"]
[Result "1-0"]
[WhiteElo "1741"]
[BlackElo "1589"]
[PlyCount "59"]
[EventDate "2013.??.??"]

1. c4 Nf6 2. Nc3 e6 3. g3 c6 4. Bg2 Be7 5. Nf3 d6 6. O-O O-O 7. d4 b6 8. e4 Qc7
9. Bf4 Nbd7 10. e5 Ne8 11. Qc2 d5 12. cxd5 cxd5 13. Rac1 Qd8 14. a3 Bb7 15. b4
a6 16. h4 b5 17. Bh3 f5 18. exf6 Rxf6 19. Ng5 g6 20. Nxe6 Qb6 21. Nc5 Nxc5 22.
bxc5 Qd8 23. Be5 Rc6 24. Bg2 Nf6 25. Qb3 Rcc8 26. Bxf6 Bxf6 27. Nxd5 Kg7 28.
Nb6 Bxg2 29. Kxg2 Qxd4 30. Qf3
1-0

[Event "Oslo Chess International - Håvard Vederhus' memorial"]
[Site "Ullevaal Stadion"]
[Date "2013.09.29"]
[Round "3"]
[White "Huse, Sigurd Kjelsbøl"]
[Black "Jacobsen, Trond"]
[Result "1/2-1/2"]
[WhiteElo "1753"]
[BlackElo "1642"]
[PlyCount "64"]
[EventDate "2013.??.??"]

1. e4 c5 2. Nf3 d6 3. Bb5+ Bd7 4. Bxd7+ Nxd7 5. O-O g6 6. c3 Bg7 7. d4 Ngf6 8.
Qe2 O-O 9. Bf4 Qb6 10. Rd1 Rfe8 11. h3 Rad8 12. Na3 Qc6 13. Re1 a6 14. Rac1 b5
15. b4 c4 16. Nc2 d5 17. e5 Ne4 18. Ne3 f6 19. exf6 exf6 20. Nd2 Re6 21. Nxe4
Rxe4 22. Bg3 Rde8 23. Qd2 Bh6 24. f4 f5 25. Nc2 Nf6 26. Rxe4 Nxe4 27. Qe3 Qd6
28. Bh2 Nf6 29. Qf3 Re4 30. Rf1 Qe6 31. Rf2 Qd6 32. g4 Bg7
1/2-1/2

[Event "Oslo Chess International - Håvard Vederhus' memorial"]
[Site "Ullevaal Stadion"]
[Date "2013.09.29"]
[Round "3"]
[White "Sivaranjan, Aschmirthan"]
[Black "Skaslien, Ingrid"]
[Result "1-0"]
[WhiteElo "1568"]
[BlackElo "967"]
[PlyCount "57"]
[EventDate "2013.??.??"]

1. e4 c5 2. Nf3 Nc6 3. d4 cxd4 4. Nxd4 d6 5. c4 e6 6. Be2 Nf6 7. Nc3 Be7 8. Be3
O-O 9. O-O Bd7 10. f3 Rc8 11. b3 e5 12. Nxc6 bxc6 13. Qd2 Be6 14. Rfd1 Qd7 15.
Rac1 Rfd8 16. Rc2 d5 17. cxd5 cxd5 18. exd5 Nxd5 19. Nxd5 Bxd5 20. Bc4 Bc6 21.
Qxd7 Rxd7 22. Rxd7 Bxd7 23. Bxa7 Bb5 24. Bxf7+ Kxf7 25. Rxc8 Ke6 26. a4 Kd7 27.
Rg8 Bd3 28. Rxg7 Bc2 29. Bc5
1-0

[Event "Oslo Chess International - Håvard Vederhus' memorial"]
[Site "Ullevaal Stadion"]
[Date "2013.09.29"]
[Round "4"]
[White "Einarsen, Kenneth"]
[Black "Sivaranjan, Aschmirthan"]
[Result "1-0"]
[WhiteElo "2094"]
[BlackElo "1568"]
[PlyCount "43"]
[EventDate "2013.??.??"]

1. Nf3 f5 2. d4 Nf6 3. c4 e6 4. g3 d6 5. Nc3 Be7 6. Bg2 O-O 7. O-O a6 8. Re1
Qe8 9. e4 fxe4 10. Nxe4 Nbd7 11. Neg5 Nb6 12. Nxe6 Bxe6 13. Rxe6 Qd7 14. Re1 c6
15. Ng5 Rae8 16. Bh3 Qc7 17. Ne6 Qd7 18. Kg2 c5 19. Nxf8 Qc6+ 20. d5 Nbxd5 21.
cxd5 Nxd5 22. Be6+
1-0

[Event "Oslo Chess International - Håvard Vederhus' memorial"]
[Site "Ullevaal Stadion"]
[Date "2013.09.29"]
[Round "4"]
[White "Dulman, Egmond-Gabriel"]
[Black "Johansen, Torbjørn Reidar"]
[Result "1-0"]
[WhiteElo "2077"]
[BlackElo "1855"]
[PlyCount "71"]
[EventDate "2013.??.??"]

1. e4 e5 2. Nf3 Nc6 3. Bc4 Nf6 4. Ng5 d5 5. exd5 Na5 6. Bb5+ c6 7. dxc6 bxc6 8.
Ba4 h6 9. Nf3 e4 10. Ng1 Bc5 11. d4 exd3 12. Qxd3 Qb6 13. Be3 O-O 14. Bxc5 Qxc5
15. Ne2 Bf5 16. Qc3 Qb6 17. O-O Rfe8 18. Ng3 Nd5 19. Qa3 Ne3 20. Nxf5 Nxf1 21.
Qc3 f6 22. Kxf1 Re5 23. Ne3 Rd8 24. Na3 Re4 25. Bb3+ Kh8 26. Nac4 Nxc4 27. Bxc4
Red4 28. b3 Qc5 29. Re1 Qh5 30. Kg1 f5 31. Qa5 Rf8 32. Qxa7 Rh4 33. Nf1 f4 34.
Qe7 Rf6 35. Qd8+ Kh7 36. Bd3+
1-0

[Event "Oslo Chess International - Håvard Vederhus' memorial"]
[Site "Ullevaal Stadion"]
[Date "2013.09.29"]
[Round "4"]
[White "Duijker, Bert"]
[Black "Gonzàlez, Francisco Silva"]
[Result "0-1"]
[WhiteElo "1898"]
[BlackElo "2071"]
[PlyCount "62"]
[EventDate "2013.??.??"]

1. Nf3 Nf6 2. c4 e6 3. d4 c5 4. g3 cxd4 5. Nxd4 d5 6. Bg2 e5 7. Nf3 d4 8. O-O
Nc6 9. a3 a5 10. e3 Be7 11. exd4 exd4 12. Bf4 O-O 13. Ne5 Qb6 14. Nxc6 bxc6 15.
b3 Bg4 16. Bf3 Be6 17. Nd2 Rad8 18. Re1 Rfe8 19. g4 h6 20. h4 Nh7 21. Bg3 d3
22. Ne4 Nf6 23. Nxf6+ Bxf6 24. Rb1 h5 25. gxh5 Bc3 26. Re3 Bf5 27. Bg4 Bh7 28.
Bf4 Bd4 29. Rxe8+ Rxe8 30. Qd2 Qc5 31. Re1 Bxf2+
0-1

[Event "Oslo Chess International - Håvard Vederhus' memorial"]
[Site "Ullevaal Stadion"]
[Date "2013.09.29"]
[Round "4"]
[White "Bryn, Askild"]
[Black "Machlik, Edit"]
[Result "1/2-1/2"]
[WhiteElo "2064"]
[BlackElo "1820"]
[PlyCount "93"]
[EventDate "2013.??.??"]

1. e4 c5 2. Nc3 d6 3. f4 g6 4. Nf3 Bg7 5. Bc4 Nc6 6. d3 e6 7. f5 Nf6 8. fxe6
Bxe6 9. Bxe6 fxe6 10. e5 dxe5 11. O-O O-O 12. Bg5 Qd7 13. Bxf6 Bxf6 14. Ne4 b6
15. Qe2 Bg7 16. c3 Rad8 17. Rad1 Qd5 18. b3 Qd7 19. h4 Rf5 20. Nh2 Ne7 21. Ng4
Nd5 22. Kh2 Qe7 23. g3 Rdf8 24. Kg2 Qb7 25. Kg1 Qe7 26. a3 a5 27. c4 Nc7 28.
Ne3 Rxf1+ 29. Rxf1 Ne8 30. Rxf8+ Qxf8 31. Qg4 Qe7 32. Ng5 Nc7 33. Qe4 Qd6 34.
h5 Qd4 35. hxg6 Qxe4 36. Nxe4 hxg6 37. Nc3 Kf7 38. Na4 Na8 39. Ng4 Ke7 40. Kg2
Kd6 41. Nc3 Nc7 42. Kf3 Ne8 43. Ne4+ Ke7 44. Ngf2 Bh6 45. Ng4 Bg7 46. Ke2 Nc7
47. Kf3
1/2-1/2

[Event "Oslo Chess International - Håvard Vederhus' memorial"]
[Site "Ullevaal Stadion"]
[Date "2013.09.29"]
[Round "4"]
[White "Jørgensen, Line Jin"]
[Black "Kjølberg, Jens Hjorth"]
[Result "0-1"]
[WhiteElo "1892"]
[BlackElo "2031"]
[PlyCount "82"]
[EventDate "2013.??.??"]

1. e4 e6 2. d4 d5 3. Nd2 Be7 4. c3 c5 5. Ngf3 Nf6 6. e5 Nfd7 7. Bd3 b6 8. O-O
Ba6 9. Bxa6 Nxa6 10. Re1 Nab8 11. Nf1 Nc6 12. Bf4 Rc8 13. Qd2 h6 14. Rac1 g5
15. c4 gxf4 16. cxd5 Nb4 17. dxe6 fxe6 18. dxc5 Bxc5 19. a3 Nd5 20. b4 Be7 21.
Nd4 Kf7 22. Qe2 h5 23. Qe4 Rh6 24. Nf5 Rh8 25. Rcd1 Nf8 26. Nd2 Ng6 27. Nxe7
Qxe7 28. Nc4 Kg7 29. Nd6 Rcf8 30. Rd3 h4 31. h3 Rh5 32. Qf3 Rxe5 33. Qd1 Rxe1+
34. Qxe1 Qxd6 35. Rd4 Qe5 36. Re4 Qc3 37. Qd1 Qf6 38. Qa4 Rf7 39. Qc6 Rc7 40.
Qe8 Qe7 41. Qb8 Qd6
0-1

[Event "Oslo Chess International - Håvard Vederhus' memorial"]
[Site "Ullevaal Stadion"]
[Date "2013.09.29"]
[Round "4"]
[White "Andersen, Dag"]
[Black "Omtvedt, Per"]
[Result "1/2-1/2"]
[WhiteElo "1852"]
[BlackElo "2018"]
[PlyCount "73"]
[EventDate "2013.??.??"]

1. d4 Nf6 2. Nf3 e6 3. Bg5 d5 4. e3 Nbd7 5. Nbd2 Be7 6. Bd3 b6 7. c3 Bb7 8. O-O
Ne4 9. Bxe7 Qxe7 10. Rc1 Nxd2 11. Qxd2 O-O 12. Rfe1 e5 13. dxe5 Nxe5 14. Nxe5
Qxe5 15. Qe2 Rfe8 16. Ba6 Bc6 17. Bb5 Bxb5 18. Qxb5 c5 19. Qd3 Rad8 20. Rcd1 g6
21. Rf1 Kg7 22. Rd2 Re7 23. g3 h5 24. h4 f5 25. Ra1 Red7 26. a4 a5 27. Qb5 Qf6
28. Rad1 Kf7 29. Qe2 Qc6 30. b3 Rd6 31. Qf3 c4 32. bxc4 Qxc4 33. Rd4 Qxc3 34.
Rxd5 Rxd5 35. Rxd5 Rxd5 36. Qxd5+ Kg7 37. Qd7+
1/2-1/2

[Event "Oslo Chess International - Håvard Vederhus' memorial"]
[Site "Ullevaal Stadion"]
[Date "2013.09.29"]
[Round "4"]
[White "Amarapala, Sherington"]
[Black "Wahlstedt, Mats"]
[Result "0-1"]
[WhiteElo "1714"]
[BlackElo "1966"]
[PlyCount "24"]
[EventDate "2013.??.??"]

1. e4 c5 2. Nf3 e6 3. d4 cxd4 4. Nxd4 a6 5. c4 Nf6 6. Nc3 Qc7 7. Be2 Bb4 8. Qd3
Nc6 9. f4 d5 10. exd5 exd5 11. O-O Nxd4 12. Qxd4 Bc5
0-1

[Event "Oslo Chess International - Håvard Vederhus' memorial"]
[Site "Ullevaal Stadion"]
[Date "2013.09.29"]
[Round "4"]
[White "Opasiak, Dustin Tennessee"]
[Black "Machlik, Monika"]
[Result "1/2-1/2"]
[WhiteElo "1780"]
[BlackElo "1947"]
[PlyCount "84"]
[EventDate "2013.??.??"]

1. Nf3 d5 2. g3 Nf6 3. Bg2 g6 4. O-O Bg7 5. d3 O-O 6. Nbd2 c5 7. e4 d4 8. a4
Nc6 9. Re1 e5 10. Nc4 Ne8 11. Nh4 b6 12. Bd2 a6 13. Qc1 Nd6 14. Nxd6 Qxd6 15.
f4 Ra7 16. Rf1 Bd7 17. f5 Rfa8 18. g4 b5 19. Bh6 Bh8 20. axb5 axb5 21. Rxa7
Rxa7 22. g5 Ra8 23. Qe1 Ra2 24. Qb1 Ra8 25. Rf2 Nd8 26. Bf1 Ra4 27. c4 bxc4 28.
dxc4 Qa6 29. Qc2 Be8 30. Rf3 Rb4 31. Ra3 Ra4 32. Rf3 Nb7 33. Rb3 Rb4 34. Rxb4
cxb4 35. fxg6 hxg6 36. Qb3 Qb6 37. Qa2 Na5 38. Bd3 Qc5 39. b3 Bd7 40. Kg2 Bc6
41. Nf3 Qa7 42. Kg3 Qc5
1/2-1/2

[Event "Oslo Chess International - Håvard Vederhus' memorial"]
[Site "Ullevaal Stadion"]
[Date "2013.09.29"]
[Round "4"]
[White "Wibe, Per H."]
[Black "Carlsen, Ellen Øen"]
[Result "1-0"]
[WhiteElo "1823"]
[BlackElo "1945"]
[PlyCount "51"]
[EventDate "2013.??.??"]

1. e4 c5 2. c4 Nc6 3. g3 d6 4. Nc3 e5 5. Bg2 Nf6 6. Nge2 Be7 7. O-O h5 8. h3 h4
9. g4 Bd7 10. f3 Nd4 11. d3 Ne6 12. Nd5 Nxd5 13. exd5 Ng5 14. f4 exf4 15. Nxf4
O-O 16. Bd2 Bf6 17. Bc3 Bxc3 18. bxc3 f5 19. gxf5 Bxf5 20. d4 Qd7 21. Kh2 Rae8
22. Qh5 Qd8 23. Ne6 Nxe6 24. dxe6 Bxe6 25. Be4 Rf6 26. Rxf6
1-0

[Event "Oslo Chess International - Håvard Vederhus' memorial"]
[Site "Ullevaal Stadion"]
[Date "2013.09.29"]
[Round "4"]
[White "Grønn, Eskil Ekeland"]
[Black "Harstad, Christian"]
[Result "0-1"]
[WhiteElo "1866"]
[BlackElo "1917"]
[PlyCount "58"]
[EventDate "2013.??.??"]

1. d4 d6 2. Nc3 Nf6 3. e4 c6 4. f4 Qa5 5. Bd3 e5 6. Nf3 exd4 7. Nxd4 g6 8. Nb3
Qb6 9. h3 Bg7 10. Qf3 O-O 11. Be3 Qc7 12. O-O-O Re8 13. g4 b5 14. Bxb5 Ba6 15.
Bd3 Bxd3 16. cxd3 a5 17. g5 Nfd7 18. Bd4 a4 19. Bxg7 axb3 20. Bd4 bxa2 21. Kc2
Na6 22. h4 Nb4+ 23. Kd2 c5 24. Bf6 Nxf6 25. gxf6 Qd8 26. e5 dxe5 27. Ne4 Qd4
28. Qg3 exf4 29. Qh3 Rxe4
0-1

[Event "Oslo Chess International - Håvard Vederhus' memorial"]
[Site "Ullevaal Stadion"]
[Date "2013.09.29"]
[Round "4"]
[White "Tangelder, Yonne"]
[Black "Nilsen, Martin"]
[Result "0-1"]
[WhiteElo "1804"]
[BlackElo "1904"]
[PlyCount "44"]
[EventDate "2013.??.??"]

1. e4 e6 2. d4 d5 3. e5 c5 4. c3 Nc6 5. Nf3 Qb6 6. a3 Nh6 7. b4 cxd4 8. cxd4
Nf5 9. Bb2 Bd7 10. Be2 Be7 11. g4 Nh4 12. O-O O-O 13. Nxh4 Bxh4 14. Qd3 f6 15.
Nd2 fxe5 16. Qh3 Nxd4 17. Bxd4 Qxd4 18. Nf3 Bxf2+ 19. Kh1 Qe3 20. Ra2 e4 21.
Bd1 exf3 22. Raxf2 d4
0-1

[Event "Oslo Chess International - Håvard Vederhus' memorial"]
[Site "Ullevaal Stadion"]
[Date "2013.09.29"]
[Round "4"]
[White "Svanholm, Børge W"]
[Black "Hølleland, Sigve"]
[Result "0-1"]
[WhiteElo "1838"]
[BlackElo "1741"]
[PlyCount "66"]
[EventDate "2013.??.??"]

1. c4 Nf6 2. Nc3 d5 3. cxd5 Nxd5 4. d4 Nxc3 5. bxc3 g6 6. e4 Bg7 7. Be3 O-O 8.
Bc4 c5 9. Ne2 cxd4 10. cxd4 a6 11. Qd2 b5 12. Bb3 Bb7 13. f3 Nc6 14. O-O Na5
15. Rac1 Nxb3 16. axb3 Rc8 17. Rxc8 Qxc8 18. Rc1 Qd7 19. Rc5 Rc8 20. Qc2 e6 21.
Kf1 Bf8 22. Rxc8 Qxc8 23. Qd2 Qc7 24. g3 f5 25. exf5 exf5 26. Kf2 Qc6 27. Ng1
b4 28. Qd3 a5 29. Qc4+ Qxc4 30. bxc4 a4 31. Ne2 b3 32. Nc3 a3 33. Bc1 b2
0-1

[Event "Oslo Chess International - Håvard Vederhus' memorial"]
[Site "Ullevaal Stadion"]
[Date "2013.09.29"]
[Round "4"]
[White "Pettersen, Jøran Sten"]
[Black "Olsen, Ulrik"]
[Result "0-1"]
[WhiteElo "1837"]
[BlackElo "1731"]
[PlyCount "76"]
[EventDate "2013.??.??"]

1. c4 Nf6 2. Nc3 g6 3. e4 d6 4. d4 Bg7 5. Nf3 O-O 6. Be2 c5 7. h3 cxd4 8. Nxd4
Nc6 9. Be3 Nxd4 10. Bxd4 Be6 11. O-O Qa5 12. b3 Bd7 13. Nd5 Nxd5 14. exd5 Bxd4
15. Qxd4 b5 16. cxb5 Bxb5 17. Bxb5 Qxb5 18. Rfe1 Qd7 19. Qe4 Rfe8 20. Rac1 Rac8
21. Rc6 e6 22. Rec1 exd5 23. Qxd5 Rxc6 24. Rxc6 Re6 25. b4 Qb7 26. a3 Re1+ 27.
Kh2 Rd1 28. Qc4 d5 29. Rc8+ Kg7 30. Qc3+ d4 31. Qc4 Qe4 32. Qc7 Rf1 33. Qd6
Rxf2 34. Qf8+ Kf6 35. Qh8+ Kg5 36. Rc5+ f5 37. Qd8+ Kh5 38. Qd5 Qf4+
0-1